000 00698nam a2200229Ia 4500
003 GCL
008 140319s9999 xx 000 0 ara d
040 _aGCL /
_cGCL
082 0 4 _aق
_b932.02
_bا ت
100 1 _aاحمد كمال
245 1 0 _aترويح النفس فى مدينة الشمس /
_cاحمد كمال
260 _a[S.N] :
_bالمطبعة الاميرية ،
_c1896
300 _a211 ص
490 _a
650 0 4 _aتاريخ
650 0 4 _aمصر القديمة
650 0 4 _aالحضارة الفرعونية
650 0 4 _aالفن المصرى القديم
650 0 4 _aعين شمس
650 0 4 _aالديانات المصرية القديمة
942 _2ddc
_cBK
999 _c37140
_d37140